| 000 | 00500nam a2200205Ia 4500 | ||
|---|---|---|---|
| 003 | OSt | ||
| 005 | 20250924144702.0 | ||
| 008 | 250729s2005 xx 000 0 und d | ||
| 020 | _a 978-8171692361 | ||
| 040 | _cAL | ||
| 041 | _aeng | ||
| 082 | _a370 RAOE | ||
| 100 |
_aRao V K _9222747 |
||
| 245 | _aEducation and development | ||
| 260 |
_aNew Delhi _bCommonwealth Publishers _c2005 |
||
| 300 | _a260p | ||
| 650 |
_aEducation _9222748 |
||
| 700 |
_aReddy R S _9222749 |
||
| 942 |
_2ddc _cBED |
||
| 999 |
_c235592 _d235592 |
||